[Event "Natal Potiguar-ch sf"]
[Site "Natal"]
[Date "2017.09.10"]
[Round "5"]
[White "Melo, Guilherme Gama do N"]
[Black "Dos Santos, Wallefy Perycles Al"]
[Result "0-1"]
[WhiteElo "1594"]
[BlackElo "1418"]
[PlyCount "70"]
[EventDate "2017.09.08"]
[EventType "swiss"]
[EventRounds "6"]
[EventCountry "BRA"]
[SourceTitle "EXT 2018"]
[Source "ChessBase"]
[SourceDate "2017.10.13"]
[SourceVersion "1"]
[SourceVersionDate "2017.10.13"]
[SourceQuality "1"]

1. d4 d5 2. Nf3 Bf5 3. e3 e6 4. Bd3 Bg4 5. 0-0 Bxf3 6. Qxf3 Bd6 7. Nd2 Nf6 8. c3 0-0 9. e4 dxe4 10. Nxe4 Nxe4 11. Qxe4 g6 12. Qxb7 Nd7 13. Re1 Nf6 14. Qf3 h5 15. Bg5 Kg7 16. Re4 a5 17. Rh4 Rh8 18. Re1 a4 19. Ree4 Rb8 20. Rhf4 Be7 21. Re2 Rf8 22. Bxf6+ Bxf6 23. Qc6 e5 24. dxe5 Qxd3 25. Qxf6+ Kg8 26. Rfe4 Qb1+ 27. Re1 Rxb2 28. Qf3 Qxa2 29. R4e2 Rfb8 30. Qe3 Rxe2 31. Rxe2 Rb1+ 32. Re1 Qa1 33. Kf1 Rxe1+ 34. Qxe1 Qxe1+ 35. Kxe1 a3 0-1

[Event "Natal Academia Potiguar 18th"]
[Site "Natal"]
[Date "2015.11.15"]
[Round "4.3"]
[White "Vital, Pablo Manoel Santan"]
[Black "Melo, Guilherme Gama do N"]
[Result "1/2-1/2"]
[WhiteElo "1579"]
[BlackElo "1586"]
[PlyCount "46"]
[EventDate "2015.11.13"]
[EventType "tourn"]
[EventRounds "9"]
[EventCountry "BRA"]
[SourceTitle "EXT 2022"]
[Source "ChessBase"]
[SourceDate "2021.10.06"]
[SourceVersion "1"]
[SourceVersionDate "2021.10.06"]
[SourceQuality "1"]

1. d4 Nf6 2. Nf3 e6 3. Bf4 b6 4. h3 Bb7 5. e3 Be7 6. Bd3 c5 7. c3 d6 8. 0-0 cxd4 9. cxd4 0-0 10. Nc3 Nbd7 11. Nb5 Ne8 12. Rc1 a6 13. Nc3 Rc8 14. Qc2 b5 15. Bxh7+ Kh8 16. Qb1 g6 17. Bxg6 fxg6 18. Qxg6 Bxf3 19. Qh6+ Kg8 20. gxf3 Rf6 21. Qh5 Ng7 22. Nd5 exd5 23. Qxd5+ Kh7 1/2-1/2

[Event "Natal Academia Potiguar 18th"]
[Site "Natal"]
[Date "2015.11.14"]
[Round "3.4"]
[White "Melo, Guilherme Gama do N"]
[Black "Marques, Dayvid Geverson Lop"]
[Result "1/2-1/2"]
[WhiteElo "1586"]
[BlackElo "1541"]
[PlyCount "33"]
[EventDate "2015.11.13"]
[EventType "tourn"]
[EventRounds "9"]
[EventCountry "BRA"]
[SourceTitle "EXT 2022"]
[Source "ChessBase"]
[SourceDate "2021.10.06"]
[SourceVersion "1"]
[SourceVersionDate "2021.10.06"]
[SourceQuality "1"]

1. d4 d5 2. c4 c6 3. Nc3 e6 4. Nf3 Nf6 5. e3 Bd6 6. Be2 0-0 7. 0-0 Nbd7 8. Re1 b6 9. Qc2 Bb7 10. cxd5 cxd5 11. Bd3 Rc8 12. b3 a5 13. Bb2 Rc6 14. Rac1 b5 15. Qe2 Qb8 16. Rc2 Rfc8 17. Rec1 1/2-1/2

[Event "Natal Potiguar op 11th"]
[Site "Natal"]
[Date "2015.08.09"]
[Round "5"]
[White "Melo, Guilherme Gama do N"]
[Black "De Oliveira, Moises Alves Leite"]
[Result "1/2-1/2"]
[WhiteElo "1552"]
[BlackElo "1708"]
[PlyCount "144"]
[EventDate "2015.08.07"]
[EventType "swiss"]
[EventRounds "5"]
[EventCountry "BRA"]
[SourceTitle "EXT 2016"]
[Source "ChessBase"]
[SourceDate "2015.10.08"]
[SourceVersion "1"]
[SourceVersionDate "2015.10.08"]
[SourceQuality "1"]

1. d4 e6 2. c4 d5 3. Nc3 Nf6 4. cxd5 exd5 5. Bg5 Be7 6. Nf3 0-0 7. e3 Bg4 8. Be2 Nbd7 9. 0-0 c6 10. h3 Bh5 11. Nh2 Bg6 12. Bxf6 Nxf6 13. Ng4 Nxg4 14. Bxg4 f5 15. Bh5 Rf6 16. Qf3 Qd7 17. Ne2 Raf8 18. Nf4 Bxh5 19. Nxh5 Rh6 20. Nf4 g5 21. Qg3 Kh8 22. Nd3 Rg8 23. Ne5 Qe8 24. f4 Qh5 25. fxg5 Rxg5 26. Qf3 Qxf3 27. Rxf3 Kg7 28. Raf1 Rf6 29. h4 Rh5 30. Rg3+ Kh6 31. Rf4 Rf8 32. Nd7 Rf7 33. Rg8 Bxh4 34. g3 Rxd7 35. Rxh4 Rxh4 36. gxh4 Rg7+ 37. Rxg7 Kxg7 38. Kg2 Kg6 39. Kf3 Kh5 40. Kg3 b6 41. b4 Kg6 42. Kf4 Kf6 43. Kg3 h6 44. Kf4 Ke6 45. Kf3 Kd6 46. Kf4 c5 47. bxc5+ bxc5 48. dxc5+ Kxc5 49. Kxf5 Kc4 50. Ke5 a5 51. h5 a4 52. Kf6 Kd3 53. Kg6 Kxe3 54. Kxh6 d4 55. Kg6 d3 56. h6 d2 57. h7 d1Q 58. h8Q Qg4+ 59. Kf7 Qf5+ 60. Ke7 Qe4+ 61. Kf7 Qd5+ 62. Kg6 Qxa2 63. Qe5+ Kd3 64. Qf5+ Kc3 65. Qf3+ Kb2 66. Qf6+ Ka3 67. Qe7+ Kb2 68. Qf6+ Kb1 69. Qf1+ Kc2 70. Qf5+ Kc3 71. Qf6+ Kb4 72. Qe7+ Kc3 1/2-1/2

[Event "Natal Potiguar op 10th"]
[Site "Natal"]
[Date "2015.07.05"]
[Round "5"]
[White "Melo, Guilherme Gama do N"]
[Black "Macedo, Alexandre Soares"]
[Result "0-1"]
[WhiteElo "1564"]
[BlackElo "1880"]
[PlyCount "40"]
[EventDate "2015.07.03"]
[EventType "swiss"]
[EventRounds "6"]
[EventCountry "BRA"]
[SourceTitle "CBM 167 Extra"]
[Source "ChessBase"]
[SourceDate "2015.09.14"]
[SourceVersion "1"]
[SourceVersionDate "2015.09.14"]
[SourceQuality "1"]

1. d4 d5 2. Nf3 Nf6 3. e3 Bg4 4. Nbd2 e6 5. Bd3 Bd6 6. 0-0 Nbd7 7. c3 e5 8. dxe5 Nxe5 9. Be2 Nxf3+ 10. Bxf3 Bxf3 11. Qxf3 Qd7 12. Re1 0-0-0 13. c4 Kb8 14. Kh1 Bb4 15. cxd5 Qxd5 16. Qxd5 Rxd5 17. Re2 Rhd8 18. Nf1 Rd1 19. Kg1 Ng4 20. h3 Rxf1+ 0-1

[Event "Natal Potiguar op 10th"]
[Site "Natal"]
[Date "2015.07.03"]
[Round "1"]
[White "Araujo, Sergio Murilo"]
[Black "Melo, Guilherme Gama do N"]
[Result "1-0"]
[WhiteElo "2083"]
[BlackElo "1564"]
[PlyCount "73"]
[EventDate "2015.07.03"]
[EventType "swiss"]
[EventRounds "6"]
[EventCountry "BRA"]
[SourceTitle "CBM 167 Extra"]
[Source "ChessBase"]
[SourceDate "2015.09.14"]
[SourceVersion "1"]
[SourceVersionDate "2015.09.14"]
[SourceQuality "1"]

1. c4 Nf6 2. Nc3 e6 3. e4 Bb4 4. e5 Bxc3 5. dxc3 Ng8 6. Qg4 g6 7. Bg5 f6 8. exf6 Nxf6 9. Qh4 0-0 10. Nf3 d6 11. Bd3 Nbd7 12. 0-0 Qe8 13. Rfe1 Qf7 14. Bh6 Nc5 15. Ng5 Qd7 16. Bc2 Re8 17. b4 Na4 18. Bxa4 Qxa4 19. Nxe6 Rxe6 20. Rxe6 Bxe6 21. Qxf6 Qd7 22. Re1 Re8 23. Re3 Qf7 24. Qd4 b6 25. h4 Re7 26. Rf3 Qe8 27. Rf8+ Qxf8 28. Bxf8 Kxf8 29. f3 a5 30. a3 axb4 31. cxb4 Ke8 32. Kf2 Bf5 33. g4 Bc2 34. c5 dxc5 35. bxc5 Rd7 36. Qh8+ Ke7 37. Qxh7+ 1-0

[Event "Potiguar-ch"]
[Site "Natal"]
[Date "2013.10.06"]
[Round "9.19"]
[White "Melo, Guilherme Gama do N"]
[Black "Silva, Carolina Alves"]
[Result "0-1"]
[WhiteElo "1735"]
[BlackElo "1730"]
[PlyCount "50"]
[EventDate "2013.09.27"]
[EventType "swiss"]
[EventRounds "9"]
[EventCountry "BRA"]
[SourceTitle "EXT 2015"]
[Source "ChessBase"]
[SourceDate "2014.11.20"]
[SourceVersion "1"]
[SourceVersionDate "2014.11.20"]
[SourceQuality "1"]

1. d4 Nf6 2. c4 e6 3. g3 Be7 4. Nc3 0-0 5. Bg2 d5 6. c5 b6 7. cxb6 cxb6 8. e4 Ba6 9. e5 Ne8 10. Nf3 Nc6 11. Bd2 Nb4 12. Bf1 Nd3+ 13. Bxd3 Bxd3 14. Ne2 f6 15. Nf4 Bf5 16. Nh4 fxe5 17. Nxf5 Rxf5 18. g4 Rxf4 19. Bxf4 exf4 20. f3 Bh4+ 21. Kf1 Nd6 22. Qe2 Qf6 23. Kg2 Nc4 24. Kh3 Ne3 25. Qd2 Bg5 0-1

[Event "Natal op"]
[Site "Natal"]
[Date "2013.09.08"]
[Round "5"]
[White "Melo, Guilherme Gama do N"]
[Black "Arruda Filho, Ivo Pereira de"]
[Result "0-1"]
[WhiteElo "1735"]
[BlackElo "1795"]
[PlyCount "40"]
[EventDate "2013.09.06"]
[EventType "swiss"]
[EventRounds "6"]
[EventCountry "BRA"]
[SourceTitle "EXT 2016"]
[Source "ChessBase"]
[SourceDate "2015.10.08"]
[SourceVersion "1"]
[SourceVersionDate "2015.10.08"]
[SourceQuality "1"]

1. e4 c6 2. d4 d5 3. e5 Bf5 4. Nc3 e6 5. Nf3 c5 6. b3 Nc6 7. Ne2 Rc8 8. Bb2 Nb4 9. Rc1 Nxa2 10. Ra1 Nb4 11. Rc1 c4 12. Bc3 cxb3 13. Bxb4 b2 14. Ng3 Bxb4+ 15. c3 bxc1Q 16. Bb5+ Kf8 17. Qxc1 Rxc3 18. Qb2 Rb3+ 19. Qd2 Bxd2+ 20. Nxd2 Rxb5 0-1

[Event "Natal op"]
[Site "Natal"]
[Date "2013.09.07"]
[Round "4"]
[White "Silva, Ivanilson Pereira"]
[Black "Melo, Guilherme Gama do N"]
[Result "1-0"]
[WhiteElo "1855"]
[BlackElo "1735"]
[PlyCount "71"]
[EventDate "2013.09.06"]
[EventType "swiss"]
[EventRounds "6"]
[EventCountry "BRA"]
[SourceTitle "EXT 2016"]
[Source "ChessBase"]
[SourceDate "2015.10.08"]
[SourceVersion "1"]
[SourceVersionDate "2015.10.08"]
[SourceQuality "1"]

1. c4 c5 2. Nc3 Nc6 3. g3 d6 4. Bg2 Bd7 5. Nf3 Nf6 6. d4 cxd4 7. Nxd4 Nxd4 8. Qxd4 e5 9. Qd3 Qc8 10. Bg5 Be7 11. 0-0 Bf5 12. Qd2 Qd7 13. Rfd1 h6 14. Bxf6 Bxf6 15. Qxd6 Qxd6 16. Rxd6 0-0 17. Nd5 Bg5 18. h4 Bd8 19. Rd1 Bc2 20. Rd2 Bb1 21. Nc3 Ba5 22. a3 Bxc3 23. bxc3 Rab8 24. Rb2 Bf5 25. Rxb7 Rxb7 26. Bxb7 Bc8 27. Bc6 Ba6 28. Bd5 Bc8 29. c5 Re8 30. Bc6 Rf8 31. Bb5 f5 32. Bc4+ Kh7 33. c6 Re8 34. Bf7 Re7 35. Bg6+ Kg8 36. Rd8+ 1-0

[Event "Natal Potiguar op"]
[Site "Natal"]
[Date "2013.07.05"]
[Round "1"]
[White "Melo, Guilherme Gama do N"]
[Black "Simao, Diogo Roger De Sous"]
[Result "0-1"]
[WhiteElo "1735"]
[BlackElo "1892"]
[PlyCount "31"]
[EventDate "2013.07.05"]
[EventType "swiss"]
[EventRounds "6"]
[EventCountry "BRA"]
[SourceTitle "EXT 2014"]
[Source "ChessBase"]
[SourceDate "2013.11.20"]
[SourceVersion "1"]
[SourceVersionDate "2013.11.20"]
[SourceQuality "1"]

1. e4 c6 2. Nf3 d5 3. Qe2 dxe4 4. Qxe4 Nf6 5. Qd3 Nbd7 6. Nc3 e5 7. a3 Bc5 8. b4 Bb6 9. Bb2 0-0 10. Ne4 Nxe4 11. Qxe4 Nf6 12. Qxe5 Re8 13. Bc4 Rxe5+ 14. Nxe5 Be6 15. 0-0-0 Bd5 16. d3 0-1